00396nam a2200121Ia 4500008004100000245013500041260001700176260000900193300000800202650002300210650001200233856002900245170516s9999 xx 000 0 und d aGadolinium-Based Nanoparticles and Radiation Therapy for Multiple Brain Melanoma Metastases: Proof of Concept before Phase I Trial bTheranostics c2016 a6:3 xMedical Technology xMedtech uhttp://www.thno.org/v6i3